00337 a2200133 4500001000700000003000400007005001700011008004100028082001600069100002100085245005000106260003700156300001000193067838OSt20220106140919.0  a338.9bD55D1 aBarbara, J. Marz1 aDiasporas and developmentcby J. Marz Barbara aNew DelhibPermanent Blackc2009 a274p.